[Event "Reykjavik op"]
[Site "Reykjavik"]
[Date "2023.04.03"]
[Round "8"]
[White "Zhou, Lepu Coco"]
[Black "Qiu, Peter Yong"]
[Result "1/2-1/2"]
[WhiteElo "2034"]
[BlackElo "1729"]
[PlyCount "107"]
[EventDate "2023.03.29"]
[EventType "swiss"]
[EventRounds "9"]
[EventCountry "ISL"]
[SourceTitle "EXT 2024"]
[Source "ChessBase"]
[SourceDate "2023.10.10"]
[SourceVersion "1"]
[SourceVersionDate "2023.10.10"]
[SourceQuality "1"]

1. e4 e5 2. Nf3 Nc6 3. d4 exd4 4. Nxd4 Nf6 5. Nc3 Bb4 6. Nxc6 Bxc3+ 7. bxc3 dxc6 8. Qxd8+ Kxd8 9. Bd3 c5 10. Be3 b6 11. 0-0-0 Ke8 12. e5 Nd7 13. Be4 Rb8 14. Bc6 Ke7 15. Bg5+ f6 16. exf6+ Nxf6 17. Rhe1+ Kf7 18. Bf4 Bb7 19. Bb5 Rbd8 20. Rxd8 Rxd8 21. Bxc7 Rc8 22. Bd6 Ne4 23. Be5 Bd5 24. f3 Nf6 25. Bd6 Be6 26. Ba6 Rd8 27. Bc7 Rd7 28. Bg3 Nh5 29. Bc8 Re7 30. Bxe6+ Rxe6 31. Rxe6 Kxe6 32. Bb8 a6 33. Ba7 Nf4 34. g3 Nd5 35. c4 Ne3 36. Bxb6 Kd6 37. Bd8 Nxc4 38. c3 Kd5 39. Kc2 h6 40. Be7 g6 41. h3 Ne3+ 42. Kd3 Nf5 43. c4+ Ke6 44. Bxc5 Nxg3 45. Bf2 Nf5 46. Ke4 Nd6+ 47. Kd4 Nf7 48. Kc5 Ne5 49. Be3 g5 50. a4 Nxf3 51. Kb6 Ne5 52. Kxa6 Nxc4 53. Bc1 Kd6 54. Kb5 1/2-1/2

[Event "British Columbia-ch U20"]
[Site "Vancouver"]
[Date "2018.11.12"]
[Round "5.12"]
[White "Wang, Daniel1111"]
[Black "Qiu, Peter Yong"]
[Result "1-0"]
[WhiteElo "1576"]
[BlackElo "1521"]
[PlyCount "64"]
[EventDate "2018.11.10"]
[EventType "swiss"]
[EventRounds "5"]
[EventCountry "CAN"]
[SourceTitle "EXT 2022"]
[Source "ChessBase"]
[SourceDate "2021.10.06"]
[SourceVersion "1"]
[SourceVersionDate "2021.10.06"]
[SourceQuality "1"]

1. e4 e5 2. Nf3 Nc6 3. d4 exd4 4. Nxd4 Bc5 5. Be3 Qh4 6. Nc3 d6 7. Bb5 Bd7 8. 0-0 Nh6 9. Nf3 Qf6 10. Nd5 Qd8 11. Bg5 f6 12. Nxf6+ gxf6 13. Bxh6 Rg8 14. Qd5 Rg6 15. Bf4 Qe7 16. Bg3 0-0-0 17. c3 Rdg8 18. b4 Bb6 19. Nd4 Bxd4 20. Bxc6 Bxf2+ 21. Rxf2 Bxc6 22. Qf5+ Kb8 23. Re1 Re8 24. Rfe2 Rg5 25. Qf3 Bd7 26. Rf2 Rg6 27. Kh1 f5 28. e5 dxe5 29. Rxe5 Be6 30. Rfe2 Qd6 31. Rxe6 Qd1+ 32. Re1 Qxf3 1-0